Experimental action research in developing countries

Shranjeno v:
Bibliografske podrobnosti
Glavni avtor: Varga, Karoly
Format: Texto
Izdano: Cartagena: A.I.S.
Oznake: Označite
Brez oznak, prvi označite!

MARC

LEADER 00000 a a2200000 04500
001 16701
003
040 |a CRAI/IIS  |c CRAI/IIS 
090 |a 011300  
100 |a Varga, Karoly  
245 |a Experimental action research in developing countries  
260 |a Cartagena:   |b A.I.S.  
300 |a 24 p.  
999 |c 3861  |d 3861